<?xml version="1.0" encoding="UTF-8"?><?xml-stylesheet type="text/xsl" href="static/style.xsl"?><OAI-PMH xmlns="http://www.openarchives.org/OAI/2.0/" xmlns:xsi="http://www.w3.org/2001/XMLSchema-instance" xsi:schemaLocation="http://www.openarchives.org/OAI/2.0/ http://www.openarchives.org/OAI/2.0/OAI-PMH.xsd"><responseDate>2026-04-14T03:07:36Z</responseDate><request verb="GetRecord" identifier="oai:www.recercat.cat:20.500.12327/4834" metadataPrefix="marc">https://recercat.cat/oai/request</request><GetRecord><record><header><identifier>oai:recercat.cat:20.500.12327/4834</identifier><datestamp>2025-11-09T14:40:07Z</datestamp><setSpec>com_2072_4428</setSpec><setSpec>com_2072_4427</setSpec><setSpec>col_2072_487898</setSpec></header><metadata><record xmlns="http://www.loc.gov/MARC21/slim" xmlns:dcterms="http://purl.org/dc/terms/" xmlns:xsi="http://www.w3.org/2001/XMLSchema-instance" xmlns:doc="http://www.lyncode.com/xoai" xsi:schemaLocation="http://www.loc.gov/MARC21/slim http://www.loc.gov/standards/marcxml/schema/MARC21slim.xsd">
   <leader>00925njm 22002777a 4500</leader>
   <datafield ind2=" " ind1=" " tag="042">
      <subfield code="a">dc</subfield>
   </datafield>
   <datafield ind2=" " ind1=" " tag="720">
      <subfield code="a">Vidal-Cardos, Roger</subfield>
      <subfield code="e">author</subfield>
   </datafield>
   <datafield ind2=" " ind1=" " tag="720">
      <subfield code="a">Fàbrega-Romans, Emma</subfield>
      <subfield code="e">author</subfield>
   </datafield>
   <datafield ind2=" " ind1=" " tag="720">
      <subfield code="a">DALMAU, ANTONI</subfield>
      <subfield code="e">author</subfield>
   </datafield>
   <datafield ind2=" " ind1=" " tag="260">
      <subfield code="c">2025-09-17</subfield>
   </datafield>
   <datafield ind2=" " ind1=" " tag="520">
      <subfield code="a">The sustainability of extensive livestock systems is compromised. It is necessary to enhance our understanding of the activity and grazing behavior of different livestock species (cows, horses, and sheep) sharing the same mountainous areas. Nowadays, the observation and analysis of animal activity is greatly facilitated by remote tracking technology, especially in zones with difficult access. In this article, we proved that commercial geolocation collars can provide meaningful data on animal activity, behavior, and distribution, which can be used to model daily distances, activity patterns, grazing behavior, daily home range, and herd dispersal. Results revealed significant differences in activity between species, influenced by the season, altitude, and shepherding practices. Sheep traveled longer daily distances (2.85 km/d) and grazed at higher altitudes than cattle (1.68 km/d) and horses (1.65 km/d), aligning with their specific dietary requirements. Seasonal transhumance and summer conditions also influenced grazing patterns, with peak activity in June and higher altitudes in summer. Cows exhibited a bimodal daily activity pattern, while horses and sheep grazed more consistently throughout the day. Herd dispersal varied by species and season, with cows and horses less dispersed early in the grazing season due to abundant resources. Weather had minimal daily impact, though drier springs in 2022 and 2023 led to increased distances and home range sizes across all species, reflecting stress to find food. Individual variability accounted for much of the observed differences, underscoring the importance of considering individual-specific behaviors in grazing management. These findings highlight the need for species- and herd-customized strategies to promote sustainable livestock management in mountainous rangelands.</subfield>
   </datafield>
   <datafield ind1="8" ind2=" " tag="024">
      <subfield code="a">0021-8812</subfield>
   </datafield>
   <datafield ind1="8" ind2=" " tag="024">
      <subfield code="a">http://hdl.handle.net/20.500.12327/4834</subfield>
   </datafield>
   <datafield ind1="8" ind2=" " tag="024">
      <subfield code="a">https://doi.org/10.1093/jas/skaf318</subfield>
   </datafield>
   <datafield ind2="0" ind1="0" tag="245">
      <subfield code="a">Activity and behavior patterns of cattle, horses, and sheep grazing in mountainous areas using geolocation collars</subfield>
   </datafield>
</record></metadata></record></GetRecord></OAI-PMH>